Nástin prednášok z podnikového počtovníctva účtovníctvo I.

Na minha lista:
Detalhes bibliográficos
Autor principal: Králiček, Vladimír
Formato: Livro
Idioma:eslovaco
Publicado em: Bratislava IURA EDITION 2003
Assuntos:
Tags: Adicionar Tag
Sem tags, seja o primeiro a adicionar uma tag!

MARC

LEADER 00000nam$a2200000$$$4500
001 0005187
005 20240226122659.4
020 |a 80-89047-58-0 
041 0 |a slo 
044 |a SK 
245 1 0 |a Nástin prednášok z podnikového počtovníctva  |b účtovníctvo I.  |c Vladimír Králiček 
264 1 |a Bratislava  |b IURA EDITION  |c 2003 
300 |a 327 s. 
610 2 0 |a účtovníctvo 
610 2 0 |a metódy účtovné 
610 2 0 |a účty 
610 2 0 |a pojmy 
610 2 0 |a oceňovanie 
610 2 0 |a súvaha 
610 2 0 |a bilancie 
610 2 0 |a náklady 
610 2 0 |a výnosy 
610 2 0 |a výsledok hospodársky 
610 2 0 |a výsledovka 
610 2 0 |a závierka účtovná 
610 2 0 |a prípady účtovné 
610 2 0 |a zápisy účtovné 
610 2 0 |a formuláre 
610 2 0 |a právo 
610 2 0 |a zákony 
610 2 0 |a Československo 
100 1 |a Králiček, Vladimír